书目信息 |
| 题名: |
都市农业与可持续发展
|
|
| 作者: | 张放 主编 ;王玉坤 编写 | |
| 分册: | ||
| 出版信息: | 北京 化学工业出版社 2005 |
|
| 页数: | 257页 | |
| 开本: | 20cm | |
| 丛书名: | 生态工程技术丛书 | |
| 单 册: | ||
| 中图分类: | F323 | |
| 科图分类: | ||
| 主题词: | 城市经济--农业经济--可持续发展--中国 , 城乡结合 , 农业经济 , 可持续发展 | |
| 电子资源: | ||
| ISBN: | 7-5025-6970-7 | |
| 000 | 01036oam2 2200301 450 | |
| 001 | 012007085072 | |
| 005 | 20070522170947.25 | |
| 010 | @a7-5025-6970-7@dCNY20.00 | |
| 100 | @a20070514d2005 km y0chiy0120 ea | |
| 101 | 0 | @achi |
| 102 | @aCN@b110000 | |
| 105 | @ay z 000yy | |
| 106 | @ar | |
| 200 | 1 | @a都市农业与可持续发展@Adu shi nong ye yu ke chi xu fa zhan@f张放主编@Fzhang fang zhu bian@g王玉坤等编写@Gwang yu kun deng bian xie |
| 210 | @a北京@c化学工业出版社@d2005 | |
| 215 | @a257页@d20cm | |
| 225 | 2 | @a生态工程技术丛书 |
| 330 | @a本书全面系统地论述都市农业与可持续发展理论以及实践应用,介绍了都市农业的基本概念、理论发展、产业类型、系统及优化技术、典范模式等内容。 | |
| 461 | 0 | @12001 @a生态工程技术丛书 |
| 606 | 0 | @a城市经济@x农业经济@x可持续发展@y中国 |
| 606 | 0 | @a城乡结合 |
| 606 | 0 | @a农业经济 |
| 606 | 0 | @a可持续发展 |
| 690 | @aF323@v4 | |
| 701 | 0 | @a张放@Azhang fang@c(生态工程)@4主编 |
| 702 | 0 | @a王玉坤@Awang yu kun@c(生态工程)@4编写 |
| 801 | 0 | @aCN@bRULIN@c20070522 |
| 905 | @dF299.2@e524@s8 | |
| 都市农业与可持续发展/张放主编/王玉坤等编写.-北京:化学工业出版社,2005 |
| 257页;20cm.-(生态工程技术丛书) |
| ISBN 7-5025-6970-7:CNY20.00 |
| 本书全面系统地论述都市农业与可持续发展理论以及实践应用,介绍了都市农业的基本概念、理论发展、产业类型、系统及优化技术、典范模式等内容。 |
| ● |
| 相关链接 |
|
|
|
|
正题名:都市农业与可持续发展
索取号:F299.2/524
 
预约/预借
| 序号 | 登录号 | 条形码 | 馆藏地/架位号 | 状态 | 备注 |
| 1 | 0573905 | 205739058 | 第一样本阅览室/ [索取号:F299.2/524] | 在馆 | |
| 2 | 0573906 | 205739067 | 第一借阅区/ [索取号:F299.2/524] | 在馆 | |
| 3 | 0573907 | 205739076 | 密集书库/ [索取号:F299.2/524] | 在馆 | |
| 4 | 0573908 | 205739085 | 第一借阅区/ [索取号:F299.2/524] | 在馆 | |
| 5 | 0573909 | 205739094 | 密集书库/ [索取号:F299.2/524] | 在馆 | |
| 6 | 0573910 | 205739101 | 第一借阅区/ [索取号:F299.2/524] | 在馆 | |
| 7 | 0573911 | 205739110 | 密集书库/ [索取号:F299.2/524] | 在馆 | |
| 8 | 0573912 | 205739129 | 第一借阅区/ [索取号:F299.2/524] | 在馆 |